Spell the Marvel Hero #117 - Statistics

General Stats
  • This quiz has been taken 15 times
  • The average score is 8 of 12
Answer Stats
Picture Answer % Correct
Iron Man
100%
Emma Frost
91%
Iceman
91%
Red She-Hulk
91%
Cable
82%
Kitty Pryde
82%
Uranian
64%
Lightspeed
55%
Quicksilver
55%
Quake
45%
Silhouette
36%
Voyager
36%
No matching quizzes found
Score Distribution
Percent of People with Each Score
Percentile by Number Answered
Your Score History
You have not taken this quiz